Déterminants parentaux de la décision, de l'adoption et des pratiques de coartémothérapie sur le paludisme et efficacité du Coartem chez les enfants fébriles au Bénin: cas des parents d'enfants de moins de cinq ans fébriles de l'Arrondissement d'Adoukandji Lalo (Bénin) (Record no. 46747)

MARC details
000 -LEADER
fixed length control field 00851nam a22002057a 4500
003 - CONTROL NUMBER IDENTIFIER
control field 0
005 - DATE AND TIME OF LATEST TRANSACTION
control field 20160609165301.0
008 - FIXED-LENGTH DATA ELEMENTS--GENERAL INFORMATION
fixed length control field 100118t xxu||||| |||| 00| 0 eng d
037 ## - SOURCE OF ACQUISITION
Stock number M15463
Source of stock number/acquisition BIBLIO
040 ## - SOURCE DU CATALOGAGE
Original cataloging agency BUAC
Language of cataloging F
Transcribing agency BEPAC
082 ## - DEWEY DECIMAL CLASSIFICATION NUMBER
Classification number 26.ABM/ABI
100 ## - VEDETTE PRINCIPALE - NOM DE PERSONNE
Personal name Abiosse, Razaack A. O.
9 (RLIN) 2884
245 ## - TITLE STATEMENT
Title Déterminants parentaux de la décision, de l'adoption et des pratiques de coartémothérapie sur le paludisme et efficacité du Coartem chez les enfants fébriles au Bénin: cas des parents d'enfants de moins de cinq ans fébriles de l'Arrondissement d'Adoukandji Lalo (Bénin)
260 ## - PUBLICATION, DISTRIBUTION, ETC. (IMPRINT)
Place of publication, distribution, etc EPAC-UAC
Name of publisher, distributor, etc EPAC-UAC
Date of publication, distribution, etc 2006-2007
300 ## - PHYSICAL DESCRIPTION
Extent I-105p
Dimensions 29cm
500 ## - GENERAL NOTE
General note Mem Ecole Polytechnique d'Abomey- Calavi<br/>2008
650 ## - SUBJECT ADDED ENTRY--TOPICAL TERM
Topical term or geographic name as entry element EFFICACITE COARTEMOTHERAPIE PALUDISME
9 (RLIN) 2885
700 ## - ADDED ENTRY--PERSONAL NAME
Personal name Ganhoutode , Dominique
9 (RLIN) 11399
942 ## - ADDED ENTRY ELEMENTS (KOHA)
Koha item type Thèse et Memoire
Holdings
Withdrawn status Lost status Damaged status Not for loan Location (home branch) Sublocation or collection (holding branch) Date acquired Source of acquisition Koha issues (times borrowed) Koha full call number Piece designation (barcode) Koha date last seen Copy number Price effective from Koha item type
        Bibliothèque Ecole Polytechnique d'Abomey-Calavi Bibliothèque Ecole Polytechnique d'Abomey-Calavi 23/11/2010 Dépot légal   27./ABM/ABI M16143EPAC 23/11/2010 1 23/11/2010 Thèse et Memoire
        Bibliothèque Ecole Polytechnique d'Abomey-Calavi Bibliothèque Ecole Polytechnique d'Abomey-Calavi 23/11/2010 Dépot légal   27./ABM/ABI M16144EPAC 23/11/2010 2 23/11/2010 Thèse et Memoire
        Bibliothèque Ecole Polytechnique d'Abomey-Calavi Bibliothèque Ecole Polytechnique d'Abomey-Calavi 23/11/2010 Dépot légal   27./ABM/ABI M16145EPAC 23/11/2010 3 23/11/2010 Thèse et Memoire


© 2008, Bibliothèques de l'Université d'Abomey-Calavi

04 BP 789 Cotonou, Tél. : +229 21 36 01 01, Fax : +229 21 35 06 32

Courriel : bu@bu.uac.bj